Statistics for Heavy Rock/Metal Song Antonyms

Click here to take the quiz!

General Stats

  • This quiz has been taken 53 times
  • The average score is 5 of 15

Answer Stats

AntonymSong% Correct
DrunkSober
89%
Demon of LifeAngel of Death
84%
Happy But FalseSad But True
84%
You're FixedI'm Broken
70%
There to LeaveHere to Stay
64%
The Angel outside YouThe Devil in I
36%
Fix NothingBreak Stuff
30%
Sprouts Bloodless SproutsRoots Bloody Roots
25%
Heal for YouBleed for Me
9%
Canyon ProseMountain Song
5%
Boring ConfidenceElectric Worry
0%
There Go the GentlemenHere Come the Bastards
0%
FullnessOblivion
0%
The Avocation of LivingThe Art of Dying
0%
The Illogical IgnoranceThe Rational Gaze
0%

Score Distribution

Percentile by Number Answered

Percent of People with Each Score

Your Score History

You have not taken this quiz